<?xml version="1.0" encoding="UTF-8"?>
<record
    xmlns:xsi="http://www.w3.org/2001/XMLSchema-instance"
    xsi:schemaLocation="http://www.loc.gov/MARC21/slim http://www.loc.gov/standards/marcxml/schema/MARC21slim.xsd"
    xmlns="http://www.loc.gov/MARC21/slim">

  <leader>01158cam a2200301 a 4500</leader>
  <controlfield tag="001">000005731</controlfield>
  <controlfield tag="003">DO-SdBNP</controlfield>
  <controlfield tag="005">20251204073702.0</controlfield>
  <controlfield tag="008">970514s1996    ck a     b    001 0dspa  </controlfield>
  <datafield tag="020" ind1=" " ind2=" ">
    <subfield code="a">9586122557</subfield>
  </datafield>
  <datafield tag="040" ind1=" " ind2=" ">
    <subfield code="a">DO-SdBNP</subfield>
    <subfield code="b">spa</subfield>
    <subfield code="c">DLC</subfield>
    <subfield code="d">BNPHU</subfield>
  </datafield>
  <datafield tag="082" ind1=" " ind2=" ">
    <subfield code="a">986.103</subfield>
    <subfield code="b">M385e</subfield>
  </datafield>
  <datafield tag="100" ind1="1" ind2=" ">
    <subfield code="a">Mart&#xED;nez Cede&#xF1;o, A&#xED;da</subfield>
    <subfield code="9">16208</subfield>
  </datafield>
  <datafield tag="245" ind1="1" ind2="0">
    <subfield code="a">Extrav&#xED;os :</subfield>
    <subfield code="b">el mundo de los criollos ilustrados /</subfield>
    <subfield code="c">A&#xED;da Mart&#xED;nez Carre&#xF1;o.</subfield>
  </datafield>
  <datafield tag="260" ind1=" " ind2=" ">
    <subfield code="a">Santaf&#xE9;, Bogot&#xE1;, (Colombia) :</subfield>
    <subfield code="b">Colcultura,</subfield>
    <subfield code="c">1996.</subfield>
  </datafield>
  <datafield tag="300" ind1=" " ind2=" ">
    <subfield code="a">xiv, 138 p. :</subfield>
    <subfield code="b">il. ;</subfield>
    <subfield code="c">21 cm.</subfield>
  </datafield>
  <datafield tag="504" ind1=" " ind2=" ">
    <subfield code="a">Incluye referencias bibliogr&#xE1;ficas.</subfield>
  </datafield>
  <datafield tag="586" ind1=" " ind2=" ">
    <subfield code="a">Premios nacionales de cultura, 1995.</subfield>
  </datafield>
  <datafield tag="600" ind1="1" ind2="4">
    <subfield code="a">Mutis Consuegra, Micaela,</subfield>
    <subfield code="d">1783-1841.</subfield>
    <subfield code="9">16209</subfield>
  </datafield>
  <datafield tag="600" ind1="1" ind2="4">
    <subfield code="a">Valenzuela Mantilla, Miguel, </subfield>
    <subfield code="9">16213</subfield>
  </datafield>
  <datafield tag="600" ind1="1" ind2="4">
    <subfield code="a">Gonz&#xE1;lez Bautista, Juan </subfield>
    <subfield code="9">16214</subfield>
  </datafield>
  <datafield tag="650" ind1=" " ind2="4">
    <subfield code="a">Mujeres en la historia</subfield>
    <subfield code="z">Colombia</subfield>
    <subfield code="9">16212</subfield>
  </datafield>
  <datafield tag="650" ind1=" " ind2="0">
    <subfield code="a">Administraci&#xF3;n de  justicia </subfield>
    <subfield code="z">Colombia</subfield>
    <subfield code="x">Historia</subfield>
    <subfield code="y">Siglo XIX</subfield>
    <subfield code="9">10083</subfield>
  </datafield>
  <datafield tag="651" ind1=" " ind2="4">
    <subfield code="a">Gir&#xF3;n (Colombia)</subfield>
    <subfield code="x">Vida social y costumbres </subfield>
    <subfield code="9">16210</subfield>
  </datafield>
  <datafield tag="651" ind1=" " ind2="4">
    <subfield code="a">Colombia</subfield>
    <subfield code="x">Historia</subfield>
    <subfield code="y">Guerra independencia, 1810-1822.</subfield>
    <subfield code="9">16211</subfield>
  </datafield>
  <datafield tag="910" ind1=" " ind2=" ">
    <subfield code="a">Catalogaci&#xF3;n por copia / LC</subfield>
  </datafield>
  <datafield tag="942" ind1=" " ind2=" ">
    <subfield code="2">ddc</subfield>
    <subfield code="c">LBS1</subfield>
  </datafield>
  <datafield tag="952" ind1=" " ind2=" ">
    <subfield code="0">0</subfield>
    <subfield code="1">0</subfield>
    <subfield code="5">4</subfield>
    <subfield code="7">0</subfield>
    <subfield code="8">MO</subfield>
    <subfield code="a">GR</subfield>
    <subfield code="b">GR</subfield>
    <subfield code="c">CT</subfield>
    <subfield code="d">2009-08-21</subfield>
    <subfield code="i">LF1</subfield>
    <subfield code="l">0</subfield>
    <subfield code="o">986.103 M385e</subfield>
    <subfield code="p">5731-10</subfield>
    <subfield code="r">2020-06-25</subfield>
    <subfield code="w">2020-06-25</subfield>
    <subfield code="y">4</subfield>
    <subfield code="Z">Pr&#xE9;stamo en sala</subfield>
  </datafield>
  <datafield tag="999" ind1=" " ind2=" ">
    <subfield code="c">5527</subfield>
    <subfield code="d">5527</subfield>
  </datafield>
</record>
